000
00353nam a2200145Ia 4500
003
OSt
005
20240209103440.0
008
170523s9999 xx 000 0 und d
020
_a
978-0804723473
040
_c
iimt university meerut
100
_a
CROWLEY- DAVID
245
0
_a
COMMUNICATION THEORY TODAY
260
_b
STANDARD UNI
942
_2
ddc
_c
02
999
_c
446
_d
446